000 00332nam a22001337a 4500
008 170605b xxu||||| |||| 00| 0 eng d
020 _a9780760713501
041 _aeng
080 _a94
100 _a18
101 _aSHH
245 _aTHE AMNABLE QUESTION A HISTORY ANGLO IRISH RELATIONS
_cDANGERFIELD.G
942 _2udc
_cBK
999 _c15940
_d15940